| 000 | 00988cam a22002892 4500 | ||
|---|---|---|---|
| 001 | 21788 | ||
| 003 | BD-RjUL | ||
| 005 | 20211209000729.0 | ||
| 008 | 720424s1966 nyu b 000 0 eng u | ||
| 035 | _a(BD-RjUL)21853 | ||
| 040 |
_cYNG _dOCL _dUKM _dEQO _dBD-RjUL _aBD-RjUL _beng |
||
| 041 | _aeng | ||
| 082 | 0 | 4 |
_a914 _218 _bPOE |
| 090 |
_aD921 _b.P6835 1966 |
||
| 100 | 1 |
_aPounds, Norman John Greville. _910145 |
|
| 245 | 1 | 0 |
_aEurope and the Soviet Union / _cNorman J.G. Pounds. With a contribution by George J. Demko. |
| 250 | _a2d ed. | ||
| 260 |
_aNew York : _bMcGraw-Hill, _c1966. |
||
| 300 |
_a528 p. : _billus., maps. ; _c24cm. |
||
| 500 | _aFirst published in 1953 under title: Europe and the Mediterranean. | ||
| 504 | _aIncludes bibliographies and index. | ||
| 651 | 0 |
_aEurope _xDescription and travel. _965724 |
|
| 651 | 0 |
_aMediterranean Region _xDescription and travel. _967277 |
|
| 830 | 0 |
_aMcGraw-Hill series in geography _97884 |
|
| 942 |
_2ddc _cBK |
||
| 999 |
_c21788 _d21788 |
||